00941 a2200193 4500003000500000005001700005020001500022040000900037082001500046100002700061245005000088260003000138300001000168505034700178650004000525942002400565999001900589952013900608Nust20221216121001.0 a0839141149 cNust a306.44,MIL aMlroy , Lesley9105061 aLanguage And Socil Networks / cLesley Milroy aBritianbUniversity Press a218:p aLanguage, Class and Community (Paeg-1), Obtaining Data in the Speech Community (Paeg-23), Studing Language in the Community (Paeg-40), The Social Context Of Speech Events (Paeg-70), The Quantitaive Analysis of Linguistic Data (Paeg-109), The Language of the Individual Speaker (Paeg-139), Conclusions and Theoretical Implications (Paeg-173). aLanguage And Socil Networks9105062 2ddccBKk306.44,MIL c184711d184711 00102ddc4070aMCSbMCScGENd2016-12-12l1o306.44,MILpMCS21879r2025-01-15s2024-12-30w2016-12-12yBKzAlmirah No.49, Shelf No.2